Kapitálový výnos poisťovne na konkurenčnom trhu

Gespeichert in:
Bibliographische Detailangaben
1. Verfasser: Pinda, Ľudovít, 1958-
Weitere Verfasser: Starečková, Anna
Format: Buchkapitel
Sprache:Slowakisch
Tags: Tag hinzufügen
Keine Tags, Fügen Sie das erste Tag hinzu!

MARC

LEADER 00000naa$a2200000$$$4500
001 0095877
005 20240502072050.6
041 0 |a slo 
044 |a SK 
245 1 0 |a Kapitálový výnos poisťovne na konkurenčnom trhu  |c Ľudovít Pinda, Anna Starečková 
100 1 |a Pinda, Ľudovít, 1958- 
700 1 |a Starečková, Anna